01011nam a22002657a 450000500170000000800410001701000150005802000260007302000230009903500130012203700130013504000130014808200140016124501100017524600580028526000380034327000420038130000340042350000520045765000320050970000230054194200240056499900170058895201400060520121026114228.0121026t xxu||||| |||| 00| 0 eng d aENG-106136 a9781259025822c450.00 a1259025829c450.00 aEN-89669 bDBAD/PUB aDPLbEng00a005.122310aIntroduction to the design and analysis of algorithms :cby R.C.T. Lee...[et al]ba strategic approach /3 aIntroduction to the design and analysis of algorithms aNew DelhibTata McGraw Hillc2012 a7 West Patel NagarbNew Delhie110008 axxv,723p. :bill. c24cm(pbk) aIncludes bibliographical references and indexes 0aComputer algorithms.953368 aLee, R.C.T.953369 2ddccENh005.1mINT c71105d71105 00102ddc40718NFICaDBADbDBADd2012-10-26eDBAD/PUBg450.00l0o005.1 INTpEN-89669r2012-10-26 00:00:00t1v450.00w2012-10-26yEN